Las sociedades antiguas en Costa Rica y la explotación de los recursos del bosque húmedo tropical. /
সংরক্ষণ করুন:
| প্রধান লেখক: | |
|---|---|
| অন্যান্য লেখক: | , |
| বিন্যাস: | অজ্ঞাত |
| ভাষা: | Spanish |
| প্রকাশিত: |
San José:
Universidad de Costa Rica. Oficina de Publicaciones ;
1995
|
| বিষয়গুলি: | |
| ট্যাগগুলো: |
ট্যাগ যুক্ত করুন
কোনো ট্যাগ নেই, প্রথমজন হিসাবে ট্যাগ করুন!
|
MARC
| LEADER | 00000 a2200000 04500 | ||
|---|---|---|---|
| 001 | 10507 | ||
| 003 | cru IIS | ||
| 005 | 20220119145356.0 | ||
| 008 | 991231s1995 cr spa d | ||
| 020 | |a 9977-15-047-8 | ||
| 040 | |a Centro de Recursos par el Aprendizaje y la Investigación |c cru IIS |b Español | ||
| 090 | |a 13659 | ||
| 100 | |a Bolaños Arquín, Margarita | ||
| 245 | |a Las sociedades antiguas en Costa Rica y la explotación de los recursos del bosque húmedo tropical. / |c Maureen Sánchez Pereira | ||
| 260 | |a San José: |b Universidad de Costa Rica. Oficina de Publicaciones ; |c 1995 | ||
| 300 | |a páginas 19-30 | ||
| 500 | |a Colección Centroamérica | ||
| 650 | |a RECURSOS NATURALES |0 TESAUROS | ||
| 650 | |a CULTURA |0 TESAUROS | ||
| 650 | |a ANIMALES |0 TESAUROS | ||
| 650 | |a MEDIO AMBIENTE HUMANO |0 TESAUROS | ||
| 650 | |a MEDIO AMBIENTE |0 TESAUROS | ||
| 650 | |a DESARROLLO SUSTENTABLE |0 TESAUROS | ||
| 650 | |a ALIMENTOS |0 TESAUROS | ||
| 700 | |a comp | ||
| 700 | |a Sánchez Pereira, Maureen | ||
| 700 | |a comp | ||
| 852 | 1 | 1 | |a 13659 |
| 942 | |2 ddc |c LI |h 13659 |6 13659 | ||
| 999 | |c 10832 |d 10832 | ||
| 773 | 0 | |0 1246 |9 6490 |a Bolaños Arquín, Margarita |d San José: Universidad de Costa Rica. Oficina de Publicaciones ; 1995 |o 09271 |t Un medio alternativo para el desarrollo rural centroamericano: |w (cru IIS)10505 |z 9977-15-047-8 | |



